000 00661nam a22002417a 4500
003 UA-OsUOA
001 127553
007 ta
008 20171204b un ||||| |||| 00| 0 ukr d
100 _aРогач В.
090 _a821.161.2
_bР59
942 _cBK
040 _aUA-OsUOA
_bukr
_cUA-OsUOA
_dUA-OsUOA
245 _aЩастя в боротьбі
_bповість у новелах
300 _a212 с.
955 _a3
041 _aukr
080 _a821.161.2
020 _a5-87116-074-3
260 _aУжгород
_bЗакарпаття
_c1999
650 7 _a82 Література. Літературознавство
_2UDC
999 _c414677
_d414677